Обеспечение общественного порядка при проведении массовых мероприятий; Прогрессивные технологии и экономика в машиностроении
| Parent link: | Прогрессивные технологии и экономика в машиностроении.— 2022.— [С. 50-52] |
|---|---|
| Autor Principal: | |
| Autor Corporativo: | |
| Outros autores: | |
| Summary: | Заглавие с экрана В статье описываются действия силовых структур при проведении массовых мероприятий, а также их действия в случае усложнения обстановки. The article describes the actions of law enforcement agencies during mass events, as well as their actions in case of complication of the situation. |
| Idioma: | ruso |
| Publicado: |
2022
|
| Series: | Экология, безопасность и охрана труда на предприятии классификация лесных пожаров |
| Subjects: | |
| Acceso en liña: | http://earchive.tpu.ru/handle/11683/70657 |
| Formato: | Electrónico Capítulo de libro |
| KOHA link: | https://koha.lib.tpu.ru/cgi-bin/koha/opac-detail.pl?biblionumber=634223 |
MARC
| LEADER | 00000naa2a2200000 4500 | ||
|---|---|---|---|
| 001 | 634223 | ||
| 005 | 20231102024719.0 | ||
| 035 | |a (RuTPU)RU\TPU\conf\36008 | ||
| 035 | |a RU\TPU\conf\36007 | ||
| 090 | |a 634223 | ||
| 100 | |a 20220415d2022 k y0rusy50 ca | ||
| 101 | 0 | |a rus |d eng | |
| 102 | |a RU | ||
| 105 | |a y z 101zy | ||
| 135 | |a drgn ---uucaa | ||
| 181 | 0 | |a i | |
| 182 | 0 | |a b | |
| 200 | 1 | |a Обеспечение общественного порядка при проведении массовых мероприятий |f В. В. Сат |g науч. рук. П. В. Родионов | |
| 203 | |a Текст |c электронный | ||
| 225 | 1 | |a Экология, безопасность и охрана труда на предприятии классификация лесных пожаров | |
| 230 | |a 1 компьютерный файл (pdf; 121 Kb) | ||
| 300 | |a Заглавие с экрана | ||
| 320 | |a [Библиогр.: с. 52 (2 назв.)] | ||
| 330 | |a В статье описываются действия силовых структур при проведении массовых мероприятий, а также их действия в случае усложнения обстановки. | ||
| 330 | |a The article describes the actions of law enforcement agencies during mass events, as well as their actions in case of complication of the situation. | ||
| 463 | 0 | |0 (RuTPU)RU\TPU\conf\35989 |t Прогрессивные технологии и экономика в машиностроении |o сборник трудов XIII Всероссийской научно-практической конференции для студентов и учащейся молодежи, 7-9 апреля 2022 г., Юрга |f Национальный исследовательский Томский политехнический университет (ТПУ), Юргинский технологический институт (ЮТИ) ; под ред. А. А. Сапрыкина |v [С. 50-52] |d 2022 | |
| 610 | 1 | |a электронный ресурс | |
| 610 | 1 | |a труды учёных ТПУ | |
| 610 | 1 | |a массовые мероприятия | |
| 610 | 1 | |a общественный порядок | |
| 610 | 1 | |a полиция | |
| 610 | 1 | |a антитеррористическая безопасность | |
| 610 | 1 | |a Росгвардия | |
| 610 | 1 | |a public order | |
| 610 | 1 | |a police | |
| 610 | 1 | |a anti-terrorist security | |
| 610 | 1 | |a mass events | |
| 610 | 1 | |a Rosgvardiya | |
| 700 | 1 | |a Сат |b В. В. | |
| 702 | 1 | |a Родионов |b П. В. |c специалист в области экологии и безопасности жизнедеятельности |c старший преподаватель Юргинский технологический институт (филиала) Томского политехнического университета, кандидат педагогических наук |f 1972- |g Павел Вадимович |2 stltpush |4 727 |9 16131 | |
| 712 | 0 | 2 | |a Томский политехнический университет |b Юргинский технологический институт |c (2003-2009) |2 stltpush |3 (RuTPU)RU\TPU\col\12451 |9 25408 |
| 801 | 2 | |a RU |b 63413507 |c 20220419 |g RCR | |
| 856 | 4 | |u http://earchive.tpu.ru/handle/11683/70657 | |
| 942 | |c BK | ||